Face processing: (Record no. 44992)
[ view plain ]
| 000 -LEADER | |
|---|---|
| fixed length control field | 00811nam a22002177a 4500 |
| 008 - FIXED-LENGTH DATA ELEMENTS--GENERAL INFORMATION | |
| fixed length control field | 231208b |||||||| |||| 00| 0 eng d |
| 020 ## - INTERNATIONAL STANDARD BOOK NUMBER | |
| International Standard Book Number | 9780199235704 |
| 040 ## - CATALOGING SOURCE | |
| Original cataloging agency | CUZ |
| Language of cataloging | eng |
| Transcribing agency | CUZ |
| Modifying agency | CUZ |
| Description conventions | rda |
| 050 00 - LIBRARY OF CONGRESS CALL NUMBER | |
| Classification number | BF242 HOL |
| 100 ## - MAIN ENTRY--PERSONAL NAME | |
| Personal name | Hole Graham. |
| 245 10 - TITLE STATEMENT | |
| Title | Face processing: |
| Remainder of title | Psychological neuropsychological and applied perspectives. |
| Statement of responsibility, etc. | Graham Hole, Victoria Bourne. |
| 264 ## - PRODUCTION, PUBLICATION, DISTRIBUTION, MANUFACTURE, AND COPYRIGHT NOTICE | |
| Place of production, publication, distribution, manufacture | New york: |
| Name of producer, publisher, distributor, manufacturer | Oxford University Press; |
| Date of production, publication, distribution, manufacture, or copyright notice | 2010. |
| 300 ## - PHYSICAL DESCRIPTION | |
| Extent | xvii, 412 pages. |
| 500 ## - GENERAL NOTE | |
| General note | Includes bibliographical references and index. |
| 650 00 - SUBJECT ADDED ENTRY--TOPICAL TERM | |
| Topical term or geographic name entry element | Facial representations |
| -- | Neuroscience of face processing |
| -- | Technology and facial identification |
| 942 ## - ADDED ENTRY ELEMENTS (KOHA) | |
| Koha item type | OS Book |
| 336 ## - CONTENT TYPE | |
| Content type term | Text |
| Content type code | txt |
| 337 ## - MEDIA TYPE | |
| Media type term | unmediated |
| Media type code | n |
| 338 ## - CARRIER TYPE | |
| Source | rda carrier |
| Withdrawn status | Lost status | Source of classification or shelving scheme | Damaged status | Not for loan | Home library | Current library | Shelving location | Date acquired | Source of acquisition | Inventory number | Total Checkouts | Full call number | Barcode | Date last seen | Price effective from | Koha item type |
|---|---|---|---|---|---|---|---|---|---|---|---|---|---|---|---|---|
| CUZ Harare Campus | CUZ Harare Campus | Open Shelf | 08.12.2023 | Donation | CUZ156 72 | BF242 HOL | BK0010114 | 08.12.2023 | 08.12.2023 | OS Book |